000 00326nam a22001457a 4500
003 SGT
082 _a615.58
_bD15C
100 _aCCRH
245 _aDISEASE MONOGRAPH -6 BRONCHIAL ASTHMA
260 _aDELHI
_bCCRH
_c2015
300 _a330
650 _aHOMOEOPATHIC
653 _a DISEASE, MONOGRAPH, ASTHMA
942 _2ddc
_cBK
999 _c18203
_d18203